000 00327nam a22001457a 4500
008 230512b ||||| |||| 00| 0 eng d
020 _a5912879
041 _aeng
080 _2REVISED EDITION
_a781
082 _a781REE
100 _a21
101 _aMUZIK
245 _aMUSIC IN TEH RENAISSANCE
_cREESE.G
942 _2udc
_cBK
999 _c59697
_d59697